000 00575nam a2200169Ia 4500
008 090711s9999 xx 000 0 und d
082 _b31795
100 _aऐनापुरे अ. वा.
245 _aनित्योपयोगी औषधे
260 _bउद्यम प्रकाशन
_c1973
300 _a152
600 _aऐनापुरे अ. वा.
630 _aनित्योपयोगी औषधे
700 _aऐनापुरे अ. वा.
730 _aनित्योपयोगी औषधे
942 _cBOOK
999 _c328897
_d328897